000 00427nam a2200157Ia 4500
008 230312s9999||||xx |||||||||||||| ||und||
020 _a0-324-32363-8
082 _a658.3
_bHEL-O
100 _aHellriegel Don
245 0 _aOrganizational Behavior
260 _bThomson
_aCanada
_c2007
300 _a513
546 _aEng.
650 _aManagement
_vLeadership and Team Behaviors , Organization , Integrating Cases
942 _cBK
999 _c4857
_d4857